000
00268nam a22001097a 4500
008
170126b xxu||||| |||| 00| 0 eng d
020
_a
9780073374604
041
_a
eng
080
_2
7TH
_a
61
245
_a
COMPUTERS IN THE MEDICAL OFFICE
_c
SANDERSON, S.M
942
_2
udc
_c
BK
999
_c
3712
_d
3712